LEADER 01283nas 2200445- 450 001 996498068803316 005 20231201182943.0 011 $a2813-1193 035 $a(DE-599)ZDB3123824-5 035 $a(OCoLC)1308956244 035 $a(CKB)5490000000153283 035 $a(CONSER)--2023228248 035 $a(EXLCZ)995490000000153283 100 $a20220404a20229999 o-- a 101 0 $aeng 135 $aur||||||||||| 181 $ctxt$2rdacontent 182 $cc$2rdamedia 183 $acr$2rdacarrier 200 00$aFrontiers in neuroimaging 210 1$a[Lausanne] :$cFrontiers Media S.A.,$d[2022]- 215 $a1 online resource 531 10$aFront Neuroimaging 606 $aBrain$xImaging$vPeriodicals 606 $aNeuroinformatics$vPeriodicals 606 $aBrain$xImaging$2fast$3(OCoLC)fst00837635 606 $aNeuroinformatics$2fast$3(OCoLC)fst01036362 606 $aNeuroimaging 608 $aPeriodicals.$2fast 608 $aPeriodicals.$2lcgft 608 $aPeriodical 615 0$aBrain$xImaging 615 0$aNeuroinformatics 615 7$aBrain$xImaging. 615 7$aNeuroinformatics. 615 12$aNeuroimaging 906 $aJOURNAL 912 $a996498068803316 996 $aFrontiers in neuroimaging$92965995 997 $aUNISA LEADER 04045nam 2200793 450 001 9910780534903321 005 20230912142010.0 010 $a1-282-01475-7 010 $a9786612014758 010 $a1-4426-7294-3 024 7 $a10.3138/9781442672949 035 $a(CKB)2430000000001013 035 $a(EBL)3254824 035 $a(SSID)ssj0000291576 035 $a(PQKBManifestationID)11231816 035 $a(PQKBTitleCode)TC0000291576 035 $a(PQKBWorkID)10254072 035 $a(PQKB)10232441 035 $a(CaBNvSL)thg00600295 035 $a(DE-B1597)464322 035 $a(OCoLC)1013936296 035 $a(OCoLC)946712812 035 $a(DE-B1597)9781442672949 035 $a(Au-PeEL)EBL4671344 035 $a(CaPaEBR)ebr11257060 035 $a(OCoLC)958515507 035 $a(OCoLC)1298518352 035 $a(MdBmJHUP)musev2_104580 035 $a(VaAlCD)20.500.12592/9h5s77 035 $a(schport)gibson_crkn/2009-12-01/6/418569 035 $a(MiAaPQ)EBC4671344 035 $a(MiAaPQ)EBC3254824 035 $a(EXLCZ)992430000000001013 100 $a20160926h20042004 uy 0 101 0 $aeng 135 $aur|n|---||||| 181 $ctxt 182 $cc 183 $acr 200 10$aChronic pain, loss, and suffering /$fRanjan Roy 210 1$aToronto, [Ontario] ;$aBuffalo, [New York] ;$aLondon, [England] :$cUniversity of Toronto Press,$d2004. 210 4$dİ2004 215 $a1 online resource (242 p.) 300 $aDescription based upon print version of record. 311 $a0-8020-3597-3 320 $aIncludes bibliographical references and index. 327 $aContents -- Foreword -- Preface -- 1 Loss and Grief: An Overview -- 2 Loss, Sadness, and Depression: Many Faces of Abnormal Grief and Other Complications -- 3 Job Loss and Chronic Illness: A Situation of Double Jeopardy -- 4 Declining Health and Functioning: Redefining Identity -- 5 Family Roles: What Is Lost? -- 6 Chronic Illness and Sexual Roles -- 7 Old Age, Pain, and Loss -- 8 Chronic Illness and Suicide: The Ultimate Loss -- 9 Grief Therapy -- 10 Epilogue -- References -- Index -- A -- B -- C -- D -- E -- F -- G -- H -- I -- J -- K 327 $aLm -- n -- o -- p -- r -- s -- t -- u -- v -- w -- x -- y -- z 330 1 $a"Loss and grief are an inherent part of chronic illness. But while much has been written on grief associated with death and dying, the grief and losses accompanying chronic illness have received relatively little scholarly attention. In this book, Ranjan Roy addresses the complex issues related to loss among those with chronic illness." "In Chronic Pain, Loss, and Suffering, Roy evaluates the current state of knowledge through an examination of contemporary literature and clinical application. He presents a series of comprehensive case studies, which together indicate that the key challenge for many patients is loss of self-esteem and control. The chapters deal with a range of losses such as job loss, declining ability to function, loss of family and sexual role, old age and its related losses, and suicide. Through discussion of the struggles and successes that chronically ill patients encounter in their journey, this work will assist clinicians in helping patients come to terms with the difficulties they face and to establish a renewed sense of self."--Jacket 606 $aSick$xPsychology 606 $aChronic diseases$xPsychological aspects 606 $aChronic pain$xPsychological aspects 606 $aGrief 606 $aLoss (Psychology) 608 $aElectronic books. 615 0$aSick$xPsychology. 615 0$aChronic diseases$xPsychological aspects. 615 0$aChronic pain$xPsychological aspects. 615 0$aGrief. 615 0$aLoss (Psychology) 676 $a616.0019 700 $aRoy$b R$g(Ranjan),$0371167 801 0$bMiAaPQ 801 1$bMiAaPQ 801 2$bMiAaPQ 906 $aBOOK 912 $a9910780534903321 996 $aChronic pain, loss, and suffering$93673178 997 $aUNINA LEADER 11563oam 22005895 450 001 9910954886203321 005 20240506070608.0 024 7 $a10.1596/978-1-4648-1160-9 035 $a(CKB)4100000001042711 035 $a(MiAaPQ)EBC5124201 035 $a(The World Bank)19927590 035 $a(US-djbf)19927590 035 $a(Perlego)1484186 035 $a(EXLCZ)994100000001042711 100 $a20170821d2017 uf 0 101 0 $aeng 135 $aurcn||||||||| 181 $ctxt$2rdacontent 182 $cn$2rdamedia 183 $anc$2rdacarrier 200 14$aThe innovation paradox $edeveloping country capabilities and the unrealized promise of technological catch-up /$fXavier Cirera and William F. Maloney 205 $a1st ed. 210 1$aWashington, D.C. :$cWorld Bank,$d[2017] 215 $a1 online resource (xxv, 186 pages) ;$d26 cm 311 08$a9781464811609 311 08$a1464811601 311 08$a9781464811845 311 08$a1464811849 320 $aIncludes bibliographical references at the end of each chapters. 327 $aCover -- Title -- Copyright -- Contents -- Foreword -- Preface -- Acknowledgments -- Abbreviations -- Executive Summary -- 1. The Innovation Paradox -- Introduction: The Innovation Imperative -- The Innovation Paradox -- The Still-Bound Prometheus -- The Plan of the Report -- Notes -- References -- PART I: Understanding Innovation in Developing Countries -- 2. The Nature of Innovation in Developing Countries -- Introduction -- What Is Innovation? -- Characterizing Innovation in Developing Countries: Some Stylized Facts -- Concluding Remarks -- Annex 2A The World Bank Enterprise Survey Innovation Data -- Annex 2B Improving Innovation Measurement in Developing Countries -- Notes -- References -- 3. The Innovation Paradox and the National Innovation System -- Introduction -- The Innovation Paradox -- Innovation Complementarities -- Benchmarking Innovation Performance: How Do We Know Whether a Society Is Investing Enough in Innovation? -- Innovation Benchmarking in the Presence of Complementarities: Simulating Innovation Shortfalls -- Complementarities and the NIS -- Concluding Remarks -- Notes -- References -- 4. Managerial Practices as Key Firm Capabilities for Innovation -- Introduction -- Firm Capabilities for Innovation -- Measuring Capabilities -- New Empirical Evidence on Managerial Practices and Innovation -- Concluding Remarks -- Annex 4A A Review of Firm Capabilities for Innovation -- Notes -- References -- 5. Building and Accumulating Managerial Capabilities -- Introduction -- What Determines Managerial Practices -- External Sources of Learning -- Concluding Remarks -- Annex 5A Capabilities at Different Stages of Connection in GVCs -- Notes -- References -- PART II: Government Capabilities and Policy -- 6. Supporting Innovation: Agencies and Government Capability -- Introduction: The Innovation Policy Dilemma in Developing Countries. 327 $aCore Elements of Good Innovation Policy Making -- Agencies and Institutions to Support Innovation -- Concluding Remarks -- Notes -- References -- 7. Instruments to Support Firm Capabilities for Innovation -- Introduction -- The Instruments of the Innovation Policy Space -- Supporting the Capabilities Escalator: Innovation Policy Mixes and Convergence to the Technological Frontier -- Building Managerial and Organizational Practices for Innovation -- Subsequent Steps on the Capabilities Escalator -- Concluding Remarks -- Annex 7A The Capabilities Escalator in Singapore: The Menu of Instruments -- Notes -- References -- 8. The Continuing Challenge of Innovation and Capability Building in Developing Countries -- Note -- References -- Boxes -- 1.1 The Concept of Innovation -- 1.2 Innovation and Development Outcomes -- 2.1 Defining Firm-Level Innovation -- 2.2 Problems in Innovation Measurement -- 3.1 Complementarities: A Basic Neoclassical Intuition -- 3.2 Estimating the Rates of Return to R& -- D -- 4.1 Managerial Practices and Innovation in Vietnam -- 4.2 The New Data on Management Quality -- 4.3 Estimating the Augmented Knowledge Creation Function -- 5.1 Why Do China's Best Firms Lag in Management Quality? -- 5.2 Lessons from China for Apparel Sector Innovation and Upgrading -- 6.1 The Public Expenditure Review of Innovation Policy -- 6.2 Good Innovation Policy Design Checklist -- 6.3 Challenges in Innovation Policy Design in Latin America -- 6.4 The Good Implementation Model of Innovation Policy: A Checklist -- 6.5 Weak Implementation in Latin America: Lessons from the PERs -- 6.6 Innovation and Political Commitment -- 6.7 The Rationale for Public Research Institutes -- 6.8 Matching the Supply and Demand for Knowledge in the Republic of Korea -- 7.1 Innovation Vouchers to Foster Innovation Activities and Collaboration. 327 $a7.2 Post-World War II Recovery and Firm Upgrading in Japan -- 7.3 National Quality Infrastructure -- 7.4 The Capabilities Escalator in Singapore -- 7.5 Agriculture Extension: The Case of EMBRAPA -- 7.6 Technology Centers: The Case of ASCAMM -- 7.7 Czech Supplier Development Program -- 7.8 Tax Incentives to R& -- D Projects -- Figures -- 1.1 The Capability to Innovate in 1900 Drives Income Levels Today -- 1.2 The Capabilities Escalator -- 2.1 The Innovation Function -- 2.2 Innovation Levels Vary by Country Income -- 2.3 All Sectors Innovate, but Innovation Rates Vary by Sector -- 2.4 Innovations That Are New to the Market Increase with Income per Capita -- 2.5 Patenting Activity Is Much Higher in the Richest Countries -- 2.6 Patents and R& -- D Expenditures Are Closely Related and Rise with Income -- 2.7 R& -- D Intensity Rises with Convergence to the Productivity Frontier -- 2.8 R& -- D per Worker on Imitation and Radical Innovation Also Rises with Convergence to the Productivity Frontier -- 2.9 R& -- D Intensity Rises with Income per Capita -- 2.10 Technology Licensing Is Lower in Less Developed Countries -- 2.11 Like R& -- D, Expenditures on Equipment and Training Are Higher in Firms Closer to the Frontier -- 2.12 Managerial Practices Are Better in Richer Countries -- 2A.1 Cleaned Data on Product Innovation Differ from Original Data -- 2A.2 Cleaned Data on Process Innovation Differ from Original Data -- 2B.1 UNESCO and Enterprise Survey Data Differ Greatly -- 2B.2 Returns to Innovation and Productivity -- 2B.3 Differences in Innovation Rates Reported between Short and Long Questionnaires Are Large -- 3.1 The Returns to Innovation and R& -- D in Developing Countries Are Not Higher in the Poorest Countries -- 3.2 Returns to R& -- D Trace an Inverted U-Shape across the Development Process. 327 $a3.3 Simulated Deviations from Optimal Innovation Investment Are Not Correlated with R& -- D/GDP -- 3.4 The Expanded National Innovation System (NIS) -- 4.1 Firm Capabilities for Innovation -- 4.2 The Quality of R& -- D and of Management Practices Are Highly Correlated -- 4.3 Innovation Outputs Are Associated with Better Management Practices -- 4.4 Better Management Quality Is Associated with Higher Innovation Outputs -- 4.5 U.S. Firms with Higher Management Quality Undertake More R& -- D and Patent More -- 4.6 R& -- D and Management Quality Affect the Probability of Introducing a Process or Product Innovation -- 4.7 Globally, Firms with Higher Management Quality Undertake More R& -- D and Patent More -- 4.8 The Effect of Management Quality on Innovation Index Increases with Management Quality in Mexico -- 4.9 Better Management Increases the Impact of R& -- D on Innovation -- 4.10 Performance Monitoring and Incentives Are Associated with Greater Innovation Index -- 5.1 U.S. Firms' Management Scores Exceed Those in Poor Countries across the Distribution -- 5.2 Improving Management Quality Implies Moving the Entire Distribution of Firms, Not Just the Laggards -- 5.3 Managerial Practices Are Better in Older Firms -- 5.4 Weaker Contracting Environments Lead to a Higher Incidence of Family Management and Weaker Capabilities -- 5.5 Firms Exposed to International Markets Have Better Managerial Practices and Are More Innovative -- 5.6 Foreign-Owned Firms Are More Innovative -- 5.7 Types of Innovation Differ at Different Stages of GVC Engagement -- B6.3.1 Evaluation of the Quality of Innovation Policy Design, Implementation, and Governance -- B6.3.2 Distribution of Mechanism of Intervention in the Policy Mix -- 6.1 Only a Small Share of Innovation Expenditures Support Diversification. 327 $aB6.6.1 Policy Discontinuity and Percent Change of U.S. GDP per Capita, Selected Latin American Countries, 1950-2010 -- B6.6.2 Correlation between Political Commitment on Innovation and Degree of Innovation Performance, Selected Latin American Countries -- 6.2 Entrepreneurs' Perceived Quality of Scientific Institutions and Degree of Private Sector-University Collaboration Is Higher in Advanced Countries -- 7.1 The Innovation Policy Space -- 7.2 The Capabilities Escalator: Innovation Policy Needs -- 7.3 The Capabilities Escalator: The Policy Mix Evolves from Less to More Sophistication -- 7.4 Management Extension Improved Management Practices in India and Colombia -- 7.5 Managers Tend to Overrate Their Abilities (Measured versus Self-Evaluated Management Practices Score) -- 7.6 Grants for Innovation Projects -- 7.7 Early-Stage Infrastructure and Advisory -- Tables -- 5.1 Parameters Determining Firms' Governance Structures -- 7.1 The Policy Mix in Different Stages of the National Innovation System. 330 8 $aSince Schumpeter, economists have argued that vast productivity gains can be achieved by investing in innovation and technological catch-up. Yet, as this volume documents, developing country firms and governments invest little to realize this potential, which dwarfs international aid flows. Using new data and original analytics, the authors uncover the key to this innovation paradox in the lack of complementary physical and human capital factors, particularly firm managerial capabilities, that are needed to reap the returns to innovation investments. Hence, countries need to rebalance policy away from R&D-centered initiatives - which are likely to fail in the absence of sophisticated private sector partners - toward building firm capabilities, and embrace an expanded concept of the National Innovation System that incorporates a broader range of market and systemic failures. The authors offer guidance on how to navigate the resulting innovation policy dilemma: as the need to redress these additional failures increases with distance from the frontier, government capabilities to formulate and implement the policy mix become weaker. This book is the first volume of the World Bank Productivity Project, which seeks to bring frontier thinking on the measurement and determinants of productivity to global policy makers. 410 0$aWorld Bank e-Library. 606 $aTechnological innovations$zDeveloping countries 606 $aInformation technology$zDeveloping countries$xManagement 606 $aOrganizational change$zDeveloping countries 615 0$aTechnological innovations 615 0$aInformation technology$xManagement. 615 0$aOrganizational change 676 $a338.9/26091724 700 $aCirera$b Xavier$0728010 702 $aMaloney$b William F$g(William Francis),$f1959- 801 0$bDLC 801 1$bDLC 801 2$bDLC 906 $aBOOK 912 $a9910954886203321 996 $aThe innovation paradox$94356776 997 $aUNINA